000 00666nam a22002297a 4500
003 UA-OsUOA
001 39159
007 ta
008 20060613b un ||||| |||| 00| 0 ukr d
100 _aСлинько І.І.
090 _a81-367
_bС47
942 _cBK
040 _aUA-OsUOA
_bukr
_cUA-OsUOA
_dUA-OsUOA
245 _aІсторичний синтаксис української мови
300 _a216 с.
955 _a2
041 _aukr
080 _a81-367
260 _aК.
_bВища школа
_c1973
650 7 _a8 Мовознавство. Художня література. Літературознавство
_2UDC
999 _c325303
_d325303